• 首页
  • 本馆介绍
  • 公告通知
  • 最新文献
  • 馆藏检索
  • 电子资源
  • 读者导购
  • 参考咨询
  • 我的图书馆
  • 登录
  • 详细信息显示
  • 放入我的书架
  • 预约/预借图书
  • 作者相关作品
  • 分类相关作品
  • 丛书相关作品
  • 出版社相关作品

书目信息

  • 表格格式
  • 工作单格式
  • 卡片格式
题名:
战略重心的西移
    
 
作者: 周兴维 著
分册:  
出版信息: 北京   民族出版社  2001.01
页数: 335页
开本: 20cm
丛书名: 西部开发战略研究丛书
单 册:
中图分类: F127.4 , F127.7
科图分类:
主题词: 地区开发--经济发展战略--研究--西北地区 , 地区开发--经济发展战略--研究--西南地区 , CT--S013767--地区开发 , CT--S040442--经济发展战略
电子资源:
ISBN: 7-105-04262-1
000 01190oam2 2200337 45
001 012001035038
005 20060913091933.97
010    @a7-105-04262-1@dCNY20.00
035    @a(011001)c2001028041
092    @aCN@b491312
100    @a20010620d2001 emky0chiy0120 ea
101 0  @achi
102    @aCN@b110000
105    @ay z 000yy
200 1  @a战略重心的西移@Azhan lue zhong xin de xi yi@f周兴维著@Fzhou xing wei zhu
210    @a北京@c民族出版社@d2001.01
215    @a335页@d20cm
225 2  @a西部开发战略研究丛书
330    @a本书共十章,内容包括:国家经济社会发展战略重心西移的国内外背景;东西部开发的经济环境比较;发展战略重心西移应吸取的经验和教训;发展战略重心西移的社会经济、政治内涵、政治机制;西部大开发中的产业政策与产业结构调整等。
461  0 @12001 @a西部开发战略研究丛书
606 0  @a地区开发@x经济发展战略@x研究@y西北地区
606 0  @a地区开发@x经济发展战略@x研究@y西南地区
606 0  @2CT@3S013767@a地区开发
606 0  @2CT@3S040442@a经济发展战略
610 0  @a西部开发
690    @aF127.4@v4
690    @aF127.7@v4
701  0 @a周兴维@Azhou xing wei@4著
801  0 @aCN@bNLC@c20060913
905    @aBZT@dF127.4@e2
906    @dCNY20.00@n0@r1
    
    战略重心的西移/周兴维著.-北京:民族出版社,2001.01
    335页;20cm.-(西部开发战略研究丛书)
    
    
    ISBN 7-105-04262-1:CNY20.00
    本书共十章,内容包括:国家经济社会发展战略重心西移的国内外背景;东西部开发的经济环境比较;发展战略重心西移应吸取的经验和教训;发展战略重心西移的社会经济、政治内涵、政治机制;西部大开发中的产业政策与产业结构调整等。
●
相关链接 在五车中查询图书 在当当中查询图书 在豆瓣中查询图书


正题名:战略重心的西移     索取号:F127.4/2         预约/预借

序号 登录号 条形码 馆藏地/架位号 状态 备注
1 456408   230012660   中心书库北库/ 北库007架B面2列6层22/ [索取号:F127.4/2] 在馆    
2 456409   230012664   中心书库北库/ 北库007架B面2列6层18/ [索取号:F127.4/2] 在馆    
3 456410   230012663   中心书库北库/ 北库007架B面2列6层21/ [索取号:F127.4/2] 在馆    
4 456411   230012662   中心书库北库/ 北库007架B面2列6层20/ [索取号:F127.4/2] 在馆    
5 456412   230012661   中心书库北库/ 北库007架B面2列6层19/ [索取号:F127.4/2] 在馆    
山东省滨州职业学院图书馆 欢迎您!
大连网信软件有限公司© 版权所有